| 000 | 00727nam a2200205Ia 4500 | ||
|---|---|---|---|
| 008 | 140512s9999 xx 000 0 und d | ||
| 020 | _a9789710506057 | ||
| 050 |
_aLB 3060.33.N17 _b.Al34 2014 |
||
| 100 | _aAlfarez, Merle S. | ||
| 245 |
_aMSA high school entrance tests and NAT (National Achievement Test) reviewer for Grade 6 / _cMerle S. Alfarez |
||
| 260 |
_aQuezon City : _bMSA Publishing House, _cc2014. |
||
| 300 |
_a167 p. : _bill. ; _c26 cm. |
||
| 500 | _aAnswers keys. | ||
| 650 |
_aAchievement tests _xPhilippines. |
||
| 650 |
_aExaminations _xPhilippines -- Questions |
||
| 650 |
_aHigh School _xEntrance examination --Studies guides |
||
| 650 | _aNational Achievement test | ||
| 942 | _cBK | ||
| 999 |
_c116655 _d116655 |
||